00354 a2200109 4500001001000000005001700010008004100027245003900068100002200107773009800129999001700227ART_4796920260410162018.0260409a 10aAcción de petición de herencia1 aMerlo, Leandro M.0 tTemas de derecho de familia, sucesiones y bioéticag- Año 3, N° 11 (nov. 2011)wREV41029 c32868d32868